Bài tập Ngữ văn 11
Sách là tài liệu tham khảo giúp giáo viên, học sinh trung học phổ thông có thêm tư liệu để dạy và học tốt hơn bộ môn Ngữ văn.
Αποθηκεύτηκε σε:
| Κύριος συγγραφέας: | |
|---|---|
| Μορφή: | Βιβλίο |
| Γλώσσα: | Undetermined |
| Έκδοση: |
Hà Nội
Giáo dục
2008
|
| Θέματα: | |
| Ετικέτες: |
Προσθήκη ετικέτας
Δεν υπάρχουν, Καταχωρήστε ετικέτα πρώτοι!
|
| Thư viện lưu trữ: | Trung tâm Học liệu Trường Đại học Cần Thơ |
|---|
| LEADER | 00804nam a2200217Ia 4500 | ||
|---|---|---|---|
| 001 | CTU_157834 | ||
| 008 | 210402s9999 xx 000 0 und d | ||
| 020 | |c 4900 | ||
| 082 | |a 495.9220712 | ||
| 082 | |b L502/T.2/L.11 | ||
| 100 | |a Phan, Trọng Luận | ||
| 245 | 0 | |a Bài tập Ngữ văn 11 | |
| 245 | 0 | |c Phan Trọng Luận (Chủ biên) | |
| 260 | |a Hà Nội | ||
| 260 | |b Giáo dục | ||
| 260 | |c 2008 | ||
| 520 | |a Sách là tài liệu tham khảo giúp giáo viên, học sinh trung học phổ thông có thêm tư liệu để dạy và học tốt hơn bộ môn Ngữ văn. | ||
| 650 | |a Vietnamese language | ||
| 650 | |x Study and teaching (Secondary) | ||
| 904 | |i Bạch Trúc | ||
| 980 | |a Trung tâm Học liệu Trường Đại học Cần Thơ | ||